<?xml version="1.0" encoding="UTF-8"?>
<marc:record xmlns:marc="http://www.loc.gov/MARC21/slim">
   <marc:leader>00000nam a2200000 a 4500</marc:leader>
   <marc:datafield ind1="1" ind2=" " tag="100">
      <marc:subfield code="a">Topfstedt, Silja</marc:subfield>
      <marc:subfield code="4">aut</marc:subfield>
      <marc:subfield code="e">Verfasser/-in</marc:subfield>
   </marc:datafield>
   <marc:datafield ind1="1" ind2=" " tag="100">
      <marc:subfield code="a">Lohr, Stefan</marc:subfield>
   </marc:datafield>
   <marc:datafield ind1="1" ind2=" " tag="100">
      <marc:subfield code="a">Brandstätter, Martina</marc:subfield>
   </marc:datafield>
   <marc:datafield ind1="1" ind2=" " tag="100">
      <marc:subfield code="a">Jaklin, Angelika</marc:subfield>
   </marc:datafield>
   <marc:datafield ind1="0" ind2="0" tag="245">
      <marc:subfield code="a">Abenteuer Energie</marc:subfield>
   </marc:datafield>
   <marc:datafield ind1="0" ind2="0" tag="245">
      <marc:subfield code="c">Silja Topfstedt</marc:subfield>
   </marc:datafield>
   <marc:datafield ind1=" " ind2="1" tag="264">
      <marc:subfield code="a">Wien</marc:subfield>
      <marc:subfield code="b">G&amp;G</marc:subfield>
      <marc:subfield code="c">2021</marc:subfield>
   </marc:datafield>
   <marc:datafield ind1="1" ind2=" " tag="520">
      <marc:subfield code="a">Was ist Strom eigentlich genau? Wie wird er gewonnen? In welcher Form gibt es Strom\/Energie in unserem Alltag? Welche Gefahren entstehen im Umgang damit? Dieses Sachbilderbuch soll das Thema &#x84;Strom und Energie&#x93; Kindern zwischen 4 und 7 Jahren näherbringen und erklären. Erzählt wird die Geschichte von Mia und Frederik, die mit ihren Eltern in den Urlaub fahren und ein Abenteuer wagen &#x96; auf ihrer Berghütte gibt es keinen Strom! Die jungen LeserInnen sollen begreifen, wie stark Strom und Energie mit unserem Alltag verwoben sind, wie viele elektronischen Geräte in einer durchschnittlichen Wohnung in Betrieb sind und warum es praktisch ist, dass sie erfunden wurden. Den Kindern soll darüber hinaus ein verantwortungsvoller, bewusster Umgang mit Strom vermittelt werden.</marc:subfield>
   </marc:datafield>
   <marc:datafield ind1=" " ind2=" " tag="020">
      <marc:subfield code="a">9783707423648</marc:subfield>
      <marc:subfield code="9">9783707423648</marc:subfield>
   </marc:datafield>
   <marc:datafield ind1=" " ind2=" " tag="020">
      <marc:subfield code="a">3707423646</marc:subfield>
      <marc:subfield code="9">3707423646</marc:subfield>
   </marc:datafield>
   <marc:datafield ind1=" " ind2=" " tag="300">
      <marc:subfield code="a">Gez. 14 Bl.: III.</marc:subfield>
   </marc:datafield>
</marc:record>
